| 000 | 00834cam a2200265 a 4500 | ||
|---|---|---|---|
| 005 | 20260322212046.0 | ||
| 008 | data | ||
| 010 | _a 2007035265 | ||
| 020 | _a9781594850592 (hb) | ||
| 020 | _a1594850593 | ||
| 040 |
_aDLC _cDLC _dDLC |
||
| 050 | 0 | 0 |
_aQL737.C27 _bK39 2008 |
| 082 | 0 | 0 |
_a599.786 _222 |
| 092 | _a599.786 K39 2008 | ||
| 100 | 1 | _aKazlowski, Steven. | |
| 245 | 1 | 4 |
_aThe last polar bear : _bfacing the truth of a warming world / _cSteven Kazlowski & Theodore Roosevelt. |
| 250 | _a1st ed. | ||
| 260 |
_aSeattle, WA : _bMountaineers Books, _c2008. |
||
| 300 |
_a207 p. : _bcol. ill., col. maps ; _c27 x 31 cm. |
||
| 504 | _aIncludes bibliographical references (p. 203-205) and index. | ||
| 650 | 0 |
_aPolar bear _xClimatic factors. |
|
| 650 | 0 |
_aPolar bear _vPictorial works. |
|
| 700 | 1 | _aRoosevelt, Theodore. | |
| 001 | data | ||
| 999 |
_c1076 _d1076 |
||